| 000 | 00844nam0a22002171 4500 | ||
|---|---|---|---|
| 001 | rc\105140 | ||
| 005 | 20250620183000.0 | ||
| 035 | _a(NLR Aleph) 005367187 | ||
| 090 |
_a6961247 _c6961247 |
||
| 100 | _a20021216d1995 |||y0rusy50 ca | ||
| 101 | 0 | _arus | |
| 102 | _aRU | ||
| 105 | _ay ||||||||| | ||
| 200 | 1 |
_aЛечебная физкультура при заболеваниях органов дыхания у детей _eМетод. рекомендации для студентов и врачей-интернов по спец. "Педиатрия" _f[Сост.: Н.М. Попова, С.В. Кодарев - кандидаты м. н.] |
|
| 210 |
_aРостов-на-Дону _cРГМУ _d1995 |
||
| 215 |
_a68 с. _d20 |
||
| 801 | 0 |
_aRU _bNLR _gpsbo |
|
| 801 | 1 |
_aRU _bELAR _2rusmarc |
|
| 852 |
_aNLR _j96-4/618 |
||
| 942 | _cBOOK | ||
| 980 | _aNB | ||